Rebeliones indígenas en la Nueva España /

Relación de las principales insurrecciones indígenas en el México colonial, desde el siglo XVI hasta la primera década del XIX, complementada en esta edición con un prólogo referente a este mismo tipo de movimientos en la época independiente.

Guardado en:
Detalles Bibliográficos
Autor principal: Casarrubias, Vicente (autor)
Otros autores: Morales Jiménez, Alberto (prólogo) (prólogo)
Formato: Libro
Idioma:Español
Publicado: México : Departamento del Distrito Federal, 1975, c1975
Colección:(Metropolitana ; 40)
Temas:
Etiquetas: Agrega una etiqueta
Sin etiquetas, Sé el primero en etiquetar este registro!

MARC

LEADER 00000nam^a2200000^a^4500
001 000095974
005 20250521000000.0
009 20260310092928.806
037 |a Acervo ITESO - Biblioteca 
041 |a ESP 
082 |a 972. 03  |b CAS 
100 |a Casarrubias, Vicente  |e (autor) 
240 1 1 |a [Rebeliones indígenas en la Nueva España] 
245 1 0 |a Rebeliones indígenas en la Nueva España /  |c V. Casarrubias ; pról. de A. Morales Jiménez. 
264 4 |a México :  |b Departamento del Distrito Federal,  |c 1975, c1975 
300 |a 187 p. 
336 |a texto  |b txt  |2 rdacontenido 
337 |a sin mediación  |b n  |2 rdamedio 
338 |a volumen  |b nc  |2 rdasoporte 
440 1 |a (Metropolitana ;  |v 40) 
520 |a Relación de las principales insurrecciones indígenas en el México colonial, desde el siglo XVI hasta la primera década del XIX, complementada en esta edición con un prólogo referente a este mismo tipo de movimientos en la época independiente. 
649 |a XX 
650 |a Indígenas de México -  |x Historia -  |y Epoca Colonial, 1517-1821 
650 |a Movimientos Indígenas -  |z México -  |x Historia -  |y Epoca Colonial, 1517-1821 -  |x Tema Principal 
650 |a México -  |x Historia -  |y Epoca Colonial, 1517-1821 
700 |a Morales Jiménez, Alberto  |e (prólogo) 
910 |a Fondo Salvador Reynoso Reynoso 
920 |a Impresos - Libros 
930 |a Fondos Especiales 
905 |a 112 
901 |a 0500030943  |b IT2  |c ESP  |u 20250521 
901 |a 0800010501  |b IT2  |c ESP  |u 20250521 
902 |a https://opac.biblio.iteso.mx/vufind/Record/000095974